| 000 | 00407nam a2200145Ia 4500 | ||
|---|---|---|---|
| 008 | 190115s9999||||xx |||||||||||||| ||und|| | ||
| 020 | _a9788170083436 | ||
| 082 |
_a005 _bKHA/P |
||
| 100 | _aKhan, Ashfaq A. | ||
| 245 | 0 | _aPractical Linux Programming:Device Drivers, Embedded Systems, and the Internet | |
| 250 | _a1st Edition | ||
| 260 |
_aNew Delhi _bFirewall Media _c2010 |
||
| 300 | _a420p. | ||
| 942 | _cBK | ||
| 999 |
_c3662 _d3662 |
||